Matchbox Twenty Songs - Statistics

General Stats
  • This quiz has been taken 181 times
    98 since last reset
  • The average score is 27 of 77
Answer Stats
Hint Answer % Correct
1 3AM
97%
1 Push
87%
3 Bright Lights
74%
3 Unwell
74%
2 Bent
68%
2 Mad Season
68%
2 If You're Gone
66%
1 Long Day
63%
1 Hang
61%
1 Real World
61%
1 Kody
58%
4 She's so Mean
55%
1 Back 2 Good
53%
2 Black & White People
53%
5 How Far We've Come
53%
1 Shame
53%
1 Argue
50%
1 Damn
50%
4 Parade
45%
2 Rest Stop
45%
2 Angry
42%
3 Disease
42%
1 Girl Like That
42%
6 Where the Light Goes
42%
6 Wild Dogs (Running in a Slow Dream)
42%
6 Friends
39%
1 Busted
37%
2 Last Beautiful Girl
37%
3 Cold
34%
3 Downfall
34%
4 Overjoyed
34%
2 You Won't Be Mine
34%
2 Crutch
32%
6 Don't Get Me Wrong
32%
4 English Town
32%
3 Hand Me Down
32%
6 One Hit Love
32%
6 Queen of New York City
32%
6 Rebels
32%
5 All Your Reasons
29%
2 Bed of Lies
29%
3 Feel
29%
6 I Know Better
29%
4 Radio
29%
2 Stop
29%
5 These Hard Times
29%
4 Our Song
26%
4 Put Your Hands Up
26%
6 Selling Faith
26%
4 Sleeping at the Wheel
26%
3 So Sad So Lonely
26%
3 Soul
26%
2 The Burn
26%
3 All I Need
24%
5 Can't Let You Go
24%
3 Could I Be You
24%
4 How Long
24%
5 If I Fall
24%
6 No Other Love
24%
4 The Way
24%
5 I'll Believe You When
21%
2 Leave
21%
4 Like Sugar
21%
3 You're so Real
21%
6 Hang on Every Word
18%
4 I Believe in Everything
18%
4 I Will
18%
6 Warm Blood
18%
2 Suffer Me
16%
5 Come Dancing
13%
2 You & I & I
13%
2 Never Going Back Again
11%
4 Straight for This Life
11%
4 Waiting on a Train
11%
4 I Don't Wanna Be Loved
8%
3 The Diffrence
8%
4 Help Me Through This
5%
No matching quizzes found
Score Distribution
Percent of People with Each Score
Percentile by Number Answered
Your Score History
You have not taken this quiz since the last reset